000 01134nam a22003377a 4500
001 0000807
003 KOHA_MİRAKIL
005 20260207001221.0
007 ta
008 081212b2007 tu |||grd|||#0|||0|tur |
020 _a9754710627
_cYTL43,605
040 _aTR-BiSEU
_btur
_cTR-BiSEU
_erda
041 0 _atur
044 _ctu
050 _aT10
_b.T45 2007
240 1 0 _aTurkish-English dictionary of technical terms
_lTürkçe
245 0 _aTürkçe-İngilizce teknik terimler sözlüğü =
_bTurkish-English dictionary of technical terms.
264 1 _aİstanbul :
_bFono Açıköğretim Kurumu Yayınları
_c2007
300 _a1168 sayfa ;
_c25 cm.
336 _ametin
_btxt
_2rdacontent
337 _aaracısız
_bn
_2rdamedia
338 _acilt
_bnc
_2rdacarrier
490 1 _aFono yayın no ;
_v142
500 _aSırtta adı: Teknik terimler sözlüğü.
500 _aKapakta adı: Fono teknik terimler sözlüğü.
650 0 _aTeknoloji--Sözlükler--İngilizce.
_93341
650 0 _aİngiliz dili--Sözlükler--Türkçe.
_93194
830 1 _aFono yayın no ;
_v142
_93342
907 _aSözlük
942 _2lcc
_cBK
999 _c802
_d802